000
00217nam a22001097a 4500
041
_a
eng
080
_a
80
100
_a
Nolasco, Rob
245
_a
Streetwise. Interm. WB.
650
_a
English Practice
999
_c
279935
_d
279935
942
_c
BK